| 000 | 01487cab a2200289 4500 | ||
|---|---|---|---|
| 001 | X3297 | ||
| 008 | 090401t1996 xxu||||| |||| 00| 0 eng d | ||
| 035 | _a(Sirsi) u29654 | ||
| 041 | _aeng | ||
| 245 | _aIsle of Wight Council v South | ||
| 260 | _c1996 | ||
| 350 | _a0 | ||
| 490 |
_aPlanning Appeal Decisions _v[1996] 11 PAD 174-184(11) |
||
| 520 | _aDecision letter 20 October 1995. Grade II listed building - small 17th century house - mixture of 17th, 18th and 19th Century work with modern alterations - said by appellant`s architect to be a total mixture of styles and dates resulting in an unimportant building - may at one time have been two cottages but one house at time of listing - whether changes in curtilage - Council seek full award of costs against appellant - Inspector makes partial award of costs in respect of appeal A - no award made in respect of appeal B - appellant seeks award of costs against Isle of Wight Council - Inspector makes no award in favour of appellant. (taken from heading) | ||
| 650 | _aFARMHOUSES | ||
| 650 | _aISLE OF WIGHT COUNCIL V SOUTH | ||
| 650 | _aLEGAL COSTS | ||
| 650 | _aLOCAL GOVERNMENT ACT 1972 S250 | ||
| 650 | _aPLANNING (LISTED BUILDINGS AND CONSERVATION AREAS) ACT 1990 | ||
| 650 | _aPPG15 | ||
| 650 | _aSWIMMING POOL | ||
| 650 | _aTOWN AND COUNTRY PLANNING ACT 1971 | ||
| 650 | _aTOWN AND COUNTRY PLANNING ACT 1990 S78 | ||
| 690 | _aPLANNING LAW AND PRACTICE-CASE LAW | ||
| 942 | _n0 | ||
| 948 | _c04/03/1997 | ||
| 999 |
_c19951 _d19951 |
||